| 000 | 00701nam a2200205 i 4500 | ||
|---|---|---|---|
| 001 | 72797 | ||
| 003 | ES-MaACL | ||
| 005 | 20230906171547.0 | ||
| 007 | t| | ||
| 008 | 040903s1932 it ||||1| ita d | ||
| 100 | 1 |
_aGoffi, Valentino. _957587 |
|
| 245 | 1 | 3 |
_aIl disegnatore meccanico _b: nozione tecniche generali di matematica, mecanica, disegno mecanico, termodinamica, metallurgia, machine e caldaie a vapore, meccanismi idraulici... / _cValentino Goffi. |
| 250 | _a9ยช ed. | ||
| 260 |
_aMilano : _b[s.n., _c1932] ( _fTip. Sociale) |
||
| 300 |
_aXXVII, 564 p. ; _c16 cm. |
||
| 490 | 1 | _aManuali Hoepli | |
| 830 | 0 |
_aManuali Hoepli _9180782 |
|
| 852 |
_aES-MaACL _jF-13687 |
||
| 999 |
_c72797 _d72797 |
||